UEFA Euro 2012 Top scorers - Statistics

General Stats
  • This quiz has been taken 26 times
  • The average score is 8 of 16
Answer Stats
Goals Team Player % Correct
3 Portugal Cristiano Ronaldo
95%
3 Spain Fernando Torres
95%
3 Croatia Mario Mandžukić
80%
3 Italy Mario Balotelli
75%
3 Germany Mario Gómez
75%
2 Sweden Zlatan Ibrahimović
70%
2 Spain Xabi Alonso
60%
2 Spain David Silva
45%
3 Russia Alan Dzagoev
40%
2 Spain Cesc Fàbregas
40%
2 Denmark Nicklas Bendtner
30%
2 Denmark Michael Krohn-Dehli
20%
2 Czech Republic Petr Jiráček
20%
2 Czech Republic Václav Pilař
10%
2 Ukraine Andrij Ševčenko
5%
2 Greece Dīmītrios Salpiggidīs
5%
No matching quizzes found
Score Distribution
Percent of People with Each Score
Percentile by Number Answered
Your Score History
You have not taken this quiz